LIBRARY & INFORMATION CENTRE, KCAET, TAVANUR

ONLINE PUBLIC ACCESS CATALOGUE (OPAC)

Soil chemical analysis (Record no. 15313)

MARC details
000 -LEADER
fixed length control field 00269nam a22001217a 4500
082 ## - DEWEY DECIMAL CLASSIFICATION NUMBER
Classification number 631.41
Item number JAC/SO
100 ## - MAIN ENTRY--AUTHOR NAME
Personal name JACKSON, M. L
245 ## - TITLE STATEMENT
Title Soil chemical analysis
250 ## - EDITION STATEMENT
Edition statement 1
260 ## - PUBLICATION, DISTRIBUTION, ETC. (IMPRINT)
Place of publication U.S.A
Name of publisher Prentice - hall, Inc.
Year of publication 1960
300 ## - PHYSICAL DESCRIPTION
Number of Pages 498
942 ## - ADDED ENTRY ELEMENTS (KOHA)
Koha item type Books
Holdings
Withdrawn status Lost status Damaged status Home library Current library Date acquired Full call number Accession Number Koha item type
      KAUAET KAUAET 02/03/2018 631.41 JAC/SO 576 Books
free website counter